Technical Analysis of the Financial Markets A Comprehensive Guide to Trading Methods and Applications
Gespeichert in:
| 1. Verfasser: | |
|---|---|
| Format: | Buch |
| Sprache: | Englisch |
| Veröffentlicht: |
New York
New York Institute of Finance
1999
|
| Ausgabe: | 1st Edition |
| Schlagworte: | |
| Tags: |
Keine Tags, Fügen Sie das erste Tag hinzu!
|
MARC
| LEADER | 00000nam a2200000 4500 | ||
|---|---|---|---|
| 001 | 0312522 | ||
| 005 | 20251202144440.6 | ||
| 020 | |a 978-0-7352-0066-1 | ||
| 041 | 0 | |a eng | |
| 044 | |a US | ||
| 245 | 1 | 0 | |a Technical Analysis of the Financial Markets |b A Comprehensive Guide to Trading Methods and Applications |c John J. Murphy |
| 250 | |a 1st Edition | ||
| 264 | 1 | |a New York |b New York Institute of Finance |c 1999 | |
| 300 | |a 542 s. | ||
| 610 | 2 | 0 | |a trh finančný |
| 610 | 2 | 0 | |a analýza technická |
| 100 | 1 | |a Murphy, John J. | |